000 00628nam a2200229 a 4500
001 BRL_1511
005 20190320211236.0
008 130214s1964----mx-a######---#000-0#spa-#
041 _aspa
044 _amx
050 4 _aPM3962
_b.W65 1964
100 1 _aWolff, Werner
_d1904-
_923543
245 1 0 _aEn busca del alfabeto maya
_cWerner Wolff.
260 _aMéxico
_bSEP
_c1964
300 _a187 p.
_bil.
_c20 cm.
440 0 _aBiblioteca pedagogica de perfeccionamiento profesional
_v10
_927132
500 _aAu1697
650 1 4 _aMayas
_xEscritura
_923885
650 1 4 _aMayas
_xTexto
_927133
902 _aGRL
942 _2lcc
_cB
999 _c10321
_d10321